000 00916nam a2200205Ia 4500
003 Ost
005 20260507075014.0
008 260507s9999||||xx |||||||||||||| ||und||
040 _cfsecg
041 _aara
082 _a658.84
100 _aبني هاني، حسين
_eمؤلف
245 0 _aالأسواق المالية :
_bطبيعتها-تنظيمها-أدواتها المشتقة /
_c حسين بني هاني
260 _aعمان:
_bدار الكندي,
_c2002
300 _a219 صفحة؛
_c24 سم
520 _aطبيعة وأهمية الأسواق المالية-عناصر السوق المالية-الأسواق المالية المتقدمة-الأسواق المالية الأوروبية-الأسواق المالية العربية-سوق عمان الدولي-مخاطر الإستثمار
653 _aالأسواق
653 _aالمخاطر المالية
942 _cكتاب
999 _c42190
_d42190